LEADER 00853nam0 2200289 450 001 000002239 005 20090204141347.0 100 $a20001205d1971----km-y0itay50------ba 101 0 $aita 102 $aIT 105 $ay-------001yy 200 1 $aConcorrenza, monopolio e sviluppo$fSiro Lombardini 210 $aMilano$cFranco Angeli$d1971 215 $a461 p.$d23 cm 225 2 $aCollana ISVET 410 0$12001$aCollana ISVET 500 10$aConcorrenza, monopolio e sviluppo$952791 610 1 $aLibera concorrenza 610 1 $aMonopoli 676 $a338.8 700 1$aLombardini,$bSiro$032589 801 0$aIT$bUNIPARTHENOPE$c20090203$gRICA$2UNIMARC 912 $a000002239 951 $aISVET 330/18$b18121$cNAVA1$d19971207 951 $a022/75$b4092$cNAVA2$d2009 996 $aConcorrenza, monopolio e sviluppo$952791 997 $aUNIPARTHENOPE